Using Linux / Jack Tackett y Steve Burnett (Registro nro. 13452)
[ vista simple ]
| 000 -LÍDER | |
|---|---|
| fixed length control field | 00508nam a2200169 4500 |
| 008 - ELEMENTOS DE LONGITUD FIJA -- INFORMACIÓN GENERAL | |
| fixed length control field | 0 1999 0inz 000 0EST |
| 020 ## - NÚMERO INTERNACIONAL NORMALIZADO PARA LIBROS | |
| ISBN | 0-7897-1746-8 |
| 050 ## - SIGNATURA TOPOGRAFICA DE LA BIBLIOTECA DEL CONGRESO (LC) | |
| Número de Clasificación | QA76.76 063 T28 1998 |
| 082 ## - NUMERO DE CLASIFICACION DECIMAL DEWEY | |
| Número de Clasificación | 005.4 T713u |
| 100 ## - ASIENTO PRINCIPAL--NOMBRE PERSONAL | |
| Nombre personal | Tackett, Jack y Steve Burnett |
| 245 ## - TÍTULO | |
| Título | Using Linux / Jack Tackett y Steve Burnett |
| 250 ## - MENCIÓN DE EDICIÓN | |
| Mención de edición | 4a. ed. |
| 260 ## - PUBLICACIÓN, DISTRIBUCIÓN, ETC. (PIE DE IMPRENTA) | |
| Lugar de publicación, distribución, etc. | United States of America : Que |
| 300 ## - DESCRIPCIÓN FÍSICA | |
| Extensión | XIX, 870p. / 23cm. |
| 500 ## - NOTA GENERAL | |
| Nota general | Apendice |
| 650 ## - ASIENTO SECUNDARIO DE MATERIA - TERMINO TEMÁTICO | |
| Término temático o nombre geográfico como elemento de entrada | 1.LINUX 2.SISTEMAS OPERATIVOS ( COMPUTADORAS ) |
| No. biblioteca | No. biblioteca | Número de clasificación | Código de barras/Número de adquisición | Número de copia | Tipo de material |
|---|---|---|---|---|---|
| LUIS G. INCLAN | LUIS G. INCLAN | 005.4 T713u | 34963 | 1 | Libros |
